Történelemtankönyveink képei
Elmentve itt :
| Szerző: | |
|---|---|
| Dokumentumtípus: | Cikk |
| Megjelent: |
1995
|
| Sorozat: | Iskolakultúra
5 No. 11-12 |
| Kulcsszavak: | Történelem tanítása, Történelem - tankönyv |
| Online Access: | http://misc.bibl.u-szeged.hu/44719 |
| LEADER | 00617nab a2200181 i 4500 | ||
|---|---|---|---|
| 001 | misc44719 | ||
| 005 | 20191106141100.0 | ||
| 008 | 181005s1995 hu o 0|| zxx d | ||
| 022 | |a 1215-5233 | ||
| 040 | |a SZTE Miscellanea Repozitórium |b hun | ||
| 041 | |a zxx | ||
| 100 | 1 | |a Csorba Csaba | |
| 245 | 1 | 0 | |a Történelemtankönyveink képei |h [elektronikus dokumentum] / |c Csorba Csaba |
| 260 | |c 1995 | ||
| 300 | |a 70-74 | ||
| 490 | 0 | |a Iskolakultúra |v 5 No. 11-12 | |
| 695 | |a Történelem tanítása, Történelem - tankönyv | ||
| 856 | 4 | 0 | |u http://misc.bibl.u-szeged.hu/44719/1/iskolakultura_1995_011_012_070-074.pdf |z Dokumentum-elérés |